000
00334nam a2200133 a 4500
003
0
005
20240730130453.0
008
970111s19uu xx 00 eng d
050
_a
VHS SD
_b
R 35
245
_a
SIS AVP witout Local College :
_b
(March 7, 2002 Version)
260
_c
March 7, 20002.
942
_c
AVM
_2
lcc
999
_c
108680
_d
108680